000 00469cam a2200181ua 4500
020 _a0 340 34348 6
041 _aeng
_h
082 _a670
_bLIS/PR
100 _aLissaman, A.J .
245 _aPrinciples of engineering production /
_cA.J.Lissaman.
_hTextual Documents
250 _a2 /
_b.
260 _aLondon :
_bThe English Language book society ,
_c1983.
300 _a581 ; .
504 _a
700 1 _aMartin, S.J .
942 _cBK
999 _c2291
_d2291